| 000 | 00357 a2200169 4500 | ||
|---|---|---|---|
| 001 | 44171 | ||
| 020 | _a8508102291 | ||
| 040 | _cAnchieta - Aquarius | ||
| 100 | _aAzevedo, Ricardo | ||
| 240 | 1 | 0 |
_aAula de carnaval _lpor |
| 245 | 1 | 0 | _aAula de carnaval |
| 300 | _a48 | ||
| 362 | 0 | _a2006 | |
| 440 | 1 | _aÁtica | |
| 650 | 4 | _aLiteratura juvenil | |
| 942 | _cBK | ||
| 999 |
_c44171 _d44171 |
||